[Event "Gyor Amateur op 22nd"]
[Site "Gyor"]
[Date "2023.03.05"]
[Round "5"]
[White "Jokai, Bence"]
[Black "Lukacs, Tibor"]
[Result "1-0"]
[WhiteElo "1230"]
[BlackElo "1305"]
[PlyCount "61"]
[EventDate "2023.03.04"]
[EventType "swiss"]
[EventRounds "7"]
[EventCountry "HUN"]
[SourceTitle "EXT 2024"]
[Source "ChessBase"]
[SourceDate "2023.10.10"]
[SourceVersion "1"]
[SourceVersionDate "2023.10.10"]
[SourceQuality "1"]

1. e4 e5 2. Nf3 Nc6 3. d4 exd4 4. Nxd4 Bc5 5. Nb3 Bb6 6. Nc3 d6 7. Qe2 Be6 8. Be3 Bxe3 9. Qxe3 Nf6 10. 0-0-0 Qe7 11. f4 a5 12. Bb5 0-0 13. Rhe1 Na7 14. Be2 Bxb3 15. cxb3 c5 16. Nd5 Nxd5 17. Rxd5 Rfe8 18. Bf3 Nb5 19. g4 Nd4 20. g5 g6 21. h4 Nf5 22. Qf2 Nd4 23. e5 Nxf3 24. Qxf3 dxe5 25. Rdxe5 Qd7 26. Qe4 Kf8 27. Rd1 Rxe5 28. Qxe5 Re8 29. Qh8+ Ke7 30. Rxd7+ Kxd7 31. Qxh7 1-0

[Event "Gyor Amateur op 22nd"]
[Site "Gyor"]
[Date "2023.03.05"]
[Round "7"]
[White "Lukacs, Tibor"]
[Black "Bencsics, Benedek"]
[Result "1/2-1/2"]
[WhiteElo "1305"]
[BlackElo "1251"]
[PlyCount "62"]
[EventDate "2023.03.04"]
[EventType "swiss"]
[EventRounds "7"]
[EventCountry "HUN"]
[SourceTitle "EXT 2024"]
[Source "ChessBase"]
[SourceDate "2023.10.10"]
[SourceVersion "1"]
[SourceVersionDate "2023.10.10"]
[SourceQuality "1"]

1. d4 Nf6 2. c4 c5 3. d5 d6 4. Nc3 Bf5 5. Nf3 g6 6. Bg5 Bg7 7. Bxf6 Bxf6 8. e4 Bd7 9. Qb3 Na6 10. a3 b6 11. Be2 0-0 12. 0-0 Nc7 13. a4 e6 14. Rfe1 Rb8 15. Qc2 a6 16. Bd3 b5 17. axb5 axb5 18. Ra7 bxc4 19. Bxc4 Nb5 20. Nxb5 Bxb5 21. b3 Bxc4 22. bxc4 Rb2 23. Qa4 Qb8 24. Qa1 Bg7 25. Qa6 Rb6 26. Qa4 Rb1 27. h3 Be5 28. Qa2 Rb2 29. Qa1 Bg7 30. Qa3 Rb3 31. Qa6 Rb6 1/2-1/2